000 00327nam a2200121 a 4500
005 20201002061521.0
008 190502s2017 000 spa d
020 _a9789945865059
100 _aMedina, Aquilino
_953966
245 0 _aPáginas amargas de un libro imaginario.
260 _aSanto Domingo,
_c2017.
999 _c48413
_d48413
040 _aDO-SdBNP